[Event "11th EUR-ch"]
[Site "Rijeka CRO"]
[Date "2010.03.06"]
[Round "1"]
[White "Kunze, Carlo"]
[Black "Siugirov, Sanan"]
[Result "0-1"]
[WhiteElo "2306"]
[BlackElo "2602"]
[EventDate "2010.03.06"]
[PlyCount "64"]

1.d4 Nf6 2.c4 g6 3.Nc3 Bg7 4.e4 O-O 5.Nf3 d6 6.Be2 e5 7.d5 a5 8.Bg5 h6 9.
Bh4 Na6 10.Nd2 Qe8 11.O-O Bd7 12.b3 Nh7 13.f3 h5 14.Rb1 Bh6 15.Bf2 Qe7 16.
Rb2 h4 17.Re1 Qg5 18.Bf1 Nf6 19.f4 Qxf4 20.h3 Nh5 21.Be3 Qxe3+ 22.Rxe3 
Bxe3+ 23.Kh2 Ng3 24.Nf3 g5 25.Ne2 Nxe2 26.Qxe2 Bf4+ 27.Kg1 f5 28.Nh2 Kg7 
29.Rb1 Nc5 30.exf5 Bxf5 31.Rd1 Ne4 32.Qe1 Bg3 0-1

[Event "11th EUR-ch"]
[Site "Rijeka CRO"]
[Date "2010.03.06"]
[Round "1"]
[White "Alexandrov, Alexei"]
[Black "Zelic, Mladen"]
[Result "1-0"]
[WhiteElo "2601"]
[BlackElo "2306"]
[EventDate "2010.03.06"]
[PlyCount "61"]

1.d4 Nf6 2.c4 e5 3.dxe5 Ng4 4.e3 Nxe5 5.Bd2 Nbc6 6.Nc3 Bb4 7.Nh3 Ng6 8.a3 
Bxc3 9.Bxc3 O-O 10.Qh5 Qe7 11.Be2 d6 12.g3 Be6 13.Ng5 h6 14.Nxe6 Qxe6 15.
Qd5 Rae8 16.O-O Nge5 17.Rfd1 Qg6 18.c5 dxc5 19.Qxc5 b6 20.Qb5 Qe6 21.Qc4 
Nd8 22.Rac1 Ng6 23.Qd4 Qe5 24.Qxe5 Nxe5 25.Bxe5 Rxe5 26.Rxc7 a5 27.Rd6 Ne6
28.Rb7 Rc8 29.Rbxb6 Rc1+ 30.Kg2 g6 31.Rd1 1-0

[Event "11th EUR-ch"]
[Site "Rijeka CRO"]
[Date "2010.03.06"]
[Round "1"]
[White "Wittmann, Walter"]
[Black "Romanov, Evgeny"]
[Result "0-1"]
[WhiteElo "2302"]
[BlackElo "2600"]
[EventDate "2010.03.06"]
[PlyCount "70"]

1.e4 c5 2.Nf3 a6 3.Nc3 b5 4.d4 cxd4 5.Nxd4 Bb7 6.Bd3 g6 7.O-O Bg7 8.Be3 d6
9.a4 bxa4 10.Nxa4 Nd7 11.f3 Ngf6 12.c4 a5 13.Qd2 O-O 14.Nb3 Bc6 15.Nc3 Ne5
16.Be2 Bd7 17.Nd5 a4 18.Nd4 Rb8 19.Rfc1 Nc6 20.Nb5 Nxd5 21.exd5 Na5 22.Bd1
Nxc4 23.Rxc4 Rxb5 24.Ra2 Qa8 25.Bxa4 Rxd5 26.Qc1 Ra5 27.b3 d5 28.Rc7 Bxa4 
29.Rxa4 Rxa4 30.bxa4 Qa5 31.Rxe7 Qb4 32.Rd7 Re8 33.Qd2 Bc3 34.Qxd5 Qb1+ 
35.Kf2 Qe1# 0-1

[Event "11th EUR-ch"]
[Site "Rijeka CRO"]
[Date "2010.03.06"]
[Round "1"]
[White "Lupulescu, Constantin"]
[Black "Bakalarz, Mieczyslaw"]
[Result "1-0"]
[WhiteElo "2598"]
[BlackElo "2300"]
[EventDate "2010.03.06"]
[PlyCount "111"]

1.e4 d5 2.exd5 c6 3.dxc6 Nxc6 4.Nf3 e5 5.d3 Bc5 6.Be2 Nf6 7.O-O h6 8.Nbd2 
O-O 9.c3 Re8 10.Ne4 Bb6 11.Nxf6+ Qxf6 12.Be3 Bc7 13.Nd2 Nd4 14.cxd4 exd4 
15.Ne4 Rxe4 16.dxe4 dxe3 17.fxe3 Qh4 18.Rf4 Bxf4 19.exf4 Qxf4 20.Qd8+ Kh7 
21.Rf1 Qe3+ 22.Rf2 Bg4 23.Qxa8 Bxe2 24.Qc8 Bd3 25.Qf5+ Kh8 26.h3 f6 27.Qf3
Qe1+ 28.Kh2 Qxe4 29.Qxe4 Bxe4 30.Re2 Bd5 31.Re7 Kh7 32.g4 Kg6 33.Kg3 h5 
34.gxh5+ Kh6 35.a3 a6 36.Kh4 Bc6 37.Rc7 Bd5 38.Rc8 Kh7 39.Rb8 Bc6 40.Kg4 
Bd7+ 41.Kg3 Bc6 42.Kf4 a5 43.b3 Bd5 44.b4 axb4 45.axb4 Bc6 46.h4 Bd5 47.
Kf5 Bg2 48.h6 Bh3+ 49.Kf4 Bg2 50.hxg7 Kxg7 51.b5 Bh1 52.Rc8 Bg2 53.Rd8 Kf7
54.Rd2 Bh1 55.Kf5 Ke7 56.h5 1-0

[Event "11th EUR-ch"]
[Site "Rijeka CRO"]
[Date "2010.03.06"]
[Round "1"]
[White "Nedochetov, Mikhail"]
[Black "Berg, Emanuel"]
[Result "1/2-1/2"]
[WhiteElo "2299"]
[BlackElo "2594"]
[EventDate "2010.03.06"]
[PlyCount "37"]

1.Nf3 Nf6 2.g3 g6 3.b3 Bg7 4.Bb2 d6 5.d4 O-O 6.Bg2 Nbd7 7.O-O Re8 8.c4 c6 
9.h3 Qc7 10.Nc3 e5 11.e4 a6 12.Rc1 exd4 13.Nxd4 Nc5 14.Re1 Bd7 15.b4 Ncxe4
16.Nxe4 Nxe4 17.Rxe4 Rxe4 18.Bxe4 c5 19.Bg2 1/2-1/2

[Event "11th EUR-ch"]
[Site "Rijeka CRO"]
[Date "2010.03.06"]
[Round "1"]
[White "Erdos, Viktor"]
[Black "Katzir, Moshe"]
[Result "1-0"]
[WhiteElo "2593"]
[BlackElo "2288"]
[EventDate "2010.03.06"]
[PlyCount "37"]

1.d4 d5 2.c4 e6 3.Nf3 c6 4.Nc3 dxc4 5.Bg5 f6 6.Bd2 a5 7.g3 b5 8.Bg2 Bb7 9.
e4 Bb4 10.Bh3 Bc8 11.Nh4 Ne7 12.Qh5+ g6 13.Qh6 Qxd4 14.O-O-O Qe5 15.Bg4 
Qc7 16.Qg7 Rg8 17.Qxh7 f5 18.Nxg6 fxg4 19.Nxe7 1-0

[Event "11th EUR-ch"]
[Site "Rijeka CRO"]
[Date "2010.03.06"]
[Round "1"]
[White "Baghdasarian, Vahe"]
[Black "Kotronias, Vasilios"]
[Result "0-1"]
[WhiteElo "2284"]
[BlackElo "2593"]
[EventDate "2010.03.06"]
[PlyCount "131"]

1.e4 e5 2.Nf3 Nc6 3.Bb5 Nf6 4.O-O Nxe4 5.d4 Nd6 6.dxe5 Nxb5 7.a4 d6 8.e6 
fxe6 9.axb5 Ne7 10.Nc3 Bd7 11.Re1 h6 12.Nd4 e5 13.f4 Kf7 14.fxe5 dxe5 15.
Rxe5 Kg8 16.Qf3 Ng6 17.Re2 Kh7 18.Qxb7 Bg4 19.Re4 Bc5 20.Be3 Re8 21.Kh1 
Qd7 22.Na4 Bxd4 23.Rxd4 Qf5 24.Bg1 Nh4 25.Qd5 Qg6 26.Rxg4 Qxg4 27.h3 Qe2 
28.Qd3+ Qxd3 29.cxd3 Re2 30.Rc1 Rd8 31.Rc4 Nxg2 32.Re4 Rxe4 33.dxe4 Nf4 
34.Bxa7 Ra8 35.Be3 Rxa4 36.Bxf4 Rxe4 37.Bxc7 Rb4 38.Be5 Rxb5 39.Bc3 Rg5 
40.Kh2 Kg6 41.b4 Rd5 42.Kg2 Rd3 43.Be5 Rb3 44.Bd6 Kh5 45.Bc5 g5 46.Kh2 Kg6
47.Kg2 Kf5 48.Bf8 h5 49.h4 g4 50.Bd6 Ke4 51.Bc5 Kd5 52.Be7 Ke4 53.Bd6 Rd3 
54.Be7 Kd5 55.Bd8 Kd6 56.b5 Kd7 57.Ba5 Rd5 58.Bc3 Rxb5 59.Bf6 Ke6 60.Bd8 
Ke5 61.Bc7+ Ke4 62.Bd6 Rb3 63.Bc7 Ke3 64.Bd6 Ke2 65.Bc5 Rc3 66.Bd6 0-1

[Event "11th EUR-ch"]
[Site "Rijeka CRO"]
[Date "2010.03.06"]
[Round "1"]
[White "Salgado Lopez, Ivan"]
[Black "Pesotskyi, Vitaly"]
[Result "1-0"]
[WhiteElo "2592"]
[BlackElo "2282"]
[EventDate "2010.03.06"]
[PlyCount "84"]

1.e4 Nf6 2.e5 Nd5 3.d4 d6 4.Nf3 g6 5.Bc4 Nb6 6.Bb3 Nc6 7.exd6 exd6 8.O-O 
d5 9.a4 Be6 10.a5 Nc4 11.Bxc4 dxc4 12.Nc3 Nb4 13.Re1 Be7 14.Bh6 c6 15.Qd2 
Nd5 16.Ng5 Bxg5 17.Bxg5 Qc7 18.Ne4 h6 19.Nf6+ Kf8 20.Nxd5 cxd5 21.Bf6 Rg8 
22.b3 c3 23.Qxh6+ Ke8 24.Qc1 Kd7 25.Qa3 Rae8 26.Re3 Bf5 27.Be5 Qc6 28.Qb4 
Rc8 29.Rae1 Rge8 30.Rxc3 Qa6 31.Ree3 Rxc3 32.Rxc3 f6 33.Rc7+ Ke6 34.Bg3 
Be4 35.f3 Kf5 36.fxe4+ Rxe4 37.Re7 Rxe7 38.Qxe7 Qxa5 39.Qd7+ Kg5 40.h4+ 
Kh6 41.Bf4+ Kh5 42.Kh2 Qe1 1-0

[Event "11th EUR-ch"]
[Site "Rijeka CRO"]
[Date "2010.03.06"]
[Round "1"]
[White "Fucak, Emilijo"]
[Black "Stocek, Jiri"]
[Result "0-1"]
[WhiteElo "2280"]
[BlackElo "2591"]
[EventDate "2010.03.06"]
[PlyCount "76"]

1.e4 c5 2.c3 Nf6 3.e5 Nd5 4.d4 cxd4 5.cxd4 d6 6.Nf3 Nc6 7.Bc4 Nb6 8.Bb5 a6
9.Bxc6+ bxc6 10.Qc2 Qc7 11.Nc3 Bg4 12.exd6 exd6 13.Bg5 Bxf3 14.gxf3 Be7 
15.Bxe7 Qxe7+ 16.Qe2 d5 17.b3 Rd8 18.Rg1 g6 19.Rb1 Kd7 20.Qxe7+ Kxe7 21.
Na4 Nxa4 22.bxa4 Kd6 23.Kd2 Rb8 24.Rb3 Rxb3 25.axb3 Rb8 26.Kc3 c5 27.dxc5+
Kxc5 28.Re1 Rb4 29.Re8 Rf4 30.b4+ Kc6 31.Rc8+ Kb7 32.Rd8 Rxf3+ 33.Kd4 Rxf2
34.a5 Rxh2 35.Rd7+ Kc6 36.Ra7 Rh4+ 37.Kc3 Kb5 38.Rb7+ Ka4 0-1

[Event "11th EUR-ch"]
[Site "Rijeka CRO"]
[Date "2010.03.06"]
[Round "1"]
[White "Golod, Vitali"]
[Black "Veleski, Robert"]
[Result "1-0"]
[WhiteElo "2590"]
[BlackElo "2278"]
[EventDate "2010.03.06"]
[PlyCount "83"]

1.d4 Nf6 2.c4 g6 3.Nc3 Bg7 4.e4 d6 5.Nf3 O-O 6.Be2 e5 7.O-O Na6 8.Be3 exd4
9.Nxd4 Nc5 10.f3 a5 11.Ndb5 Na6 12.Qd2 Be6 13.Rfd1 Nd7 14.Rab1 Ne5 15.b3 
Nc6 16.a3 Kh8 17.Nd4 Nxd4 18.Bxd4 Be5 19.f4 Bg7 20.Bf3 f6 21.Bf2 Qc8 22.
Nd5 Nc5 23.b4 axb4 24.axb4 Na6 25.Qc2 Bh6 26.Be3 Bg7 27.c5 dxc5 28.bxc5 
Re8 29.Bd4 Qd8 30.Rxb7 Bc8 31.Rbb1 c6 32.Nb6 Ra7 33.Nc4 Nc7 34.Nd6 Rf8 35.
Rb8 Ra8 36.Rdb1 Rxb8 37.Rxb8 Qd7 38.Qc4 Ne6 39.Be3 h5 40.f5 Kh7 41.Rxc8 
Rxc8 42.fxe6 1-0

[Event "11th EUR-ch"]
[Site "Rijeka CRO"]
[Date "2010.03.06"]
[Round "1"]
[White "Djurovic, Goran"]
[Black "Pantsulaia, Levan"]
[Result "0-1"]
[WhiteElo "2276"]
[BlackElo "2588"]
[EventDate "2010.03.06"]
[PlyCount "73"]

1.Nf3 c5 2.c4 b6 3.g3 Bb7 4.Bg2 g6 5.d4 cxd4 6.Qxd4 Nf6 7.Nc3 Bg7 8.Bg5 d6
9.O-O Nbd7 10.Rac1 Nc5 11.Nd5 Ne6 12.Qd3 Nxd5 13.cxd5 Nxg5 14.Nxg5 O-O 15.
Rc2 Rc8 16.Rfc1 Bxb2 17.Rxc8 Bxc8 18.Rc2 Bg7 19.Nf3 Bf5 20.e4 Bd7 21.Qa6 
Qb8 22.Bf1 Rc8 23.Rxc8+ Bxc8 24.Qa4 Bg4 25.Ne1 Qc7 26.Nc2 Bd7 27.Qb3 Qc5 
28.a4 a5 29.Kg2 Bd4 30.Qc4 Bxf2 31.Qxc5 Bxc5 32.Bb5 Bxb5 33.axb5 a4 34.Kf3
a3 35.Ke2 Kg7 36.Kd3 Kf6 37.Ne3 0-1

[Event "11th EUR-ch"]
[Site "Rijeka CRO"]
[Date "2010.03.06"]
[Round "1"]
[White "Buhmann, Rainer"]
[Black "Maevsky, Nikolay"]
[Result "1/2-1/2"]
[WhiteElo "2587"]
[BlackElo "2275"]
[EventDate "2010.03.06"]
[PlyCount "114"]

1.Nf3 Nf6 2.c4 c6 3.d4 d5 4.Nc3 dxc4 5.a4 Bf5 6.Ne5 e6 7.f3 Bb4 8.e4 Bxe4 
9.fxe4 Nxe4 10.Bd2 Qxd4 11.Nxe4 Qxe4+ 12.Qe2 Bxd2+ 13.Kxd2 Qd5+ 14.Kc2 Na6
15.Nxc4 O-O 16.Qe5 Rab8 17.a5 f6 18.Qxd5 cxd5 19.Nd6 Nb4+ 20.Kc3 Nc6 21.a6
bxa6 22.Rxa6 Rb6 23.Rxb6 axb6 24.Bb5 Rd8 25.Bxc6 Rxd6 26.Bb5 Kf7 27.g4 Kg6
28.h4 e5 29.Ra1 f5 30.Be8+ Kf6 31.Ra7 d4+ 32.Kc4 fxg4 33.Rf7+ Ke6 34.Rf1 
e4 35.Bh5 Ke5 36.Bxg4 Rf6 37.Rg1 Rg6 38.h5 Rg5 39.Rg2 Kf4 40.Bh3 Rxh5 41.
Bd7 d3 42.Kd4 e3 43.Rg4+ Kf3 44.Re4 Kf2 45.Rf4+ Kg2 46.Rg4+ Kf2 47.Rf4+ 
Ke1 48.Bg4 d2 49.Kxe3 d1=Q 50.Bxd1 Kxd1 51.Kd3 Rd5+ 52.Kc4 Rg5 53.Kd3 Rg3+
54.Kc4 h5 55.Rf5 g6 56.Rb5 h4 57.Rxb6 h3 1/2-1/2

[Event "11th EUR-ch"]
[Site "Rijeka CRO"]
[Date "2010.03.06"]
[Round "1"]
[White "Dimitrijevic, Darko"]
[Black "Zhigalko, Andrei"]
[Result "1/2-1/2"]
[WhiteElo "2272"]
[BlackElo "2587"]
[EventDate "2010.03.06"]
[PlyCount "120"]

1.Nf3 Nf6 2.c4 g6 3.Nc3 Bg7 4.e4 O-O 5.d4 d6 6.h3 c5 7.d5 e6 8.Bd3 exd5 9.
exd5 Re8+ 10.Be3 Nfd7 11.Qd2 Ne5 12.Nxe5 Bxe5 13.O-O-O Nd7 14.Rhe1 b5 15.
Nxb5 Qb6 16.Bf4 Ba6 17.b3 Bxf4 18.Qxf4 Ne5 19.Bf1 Bxb5 20.cxb5 c4 21.bxc4 
a6 22.Kb1 axb5 23.cxb5 Re7 24.Qd4 Qa5 25.Qd2 Qd8 26.Qg5 Rxa2 27.Rxe5 dxe5 
28.Qxe7 Qxe7 29.Kxa2 Qb4 30.Rb1 Qd2+ 31.Ka3 Qc2 32.Rb2 Qc5+ 33.Kb3 Qxd5+ 
34.Bc4 Qd4 35.f3 Kf8 36.Ra2 f5 37.Ra6 Ke7 38.Rc6 e4 39.Re6+ Kd7 40.fxe4 
fxe4 41.b6 e3 42.Kb4 Kd8 43.Kb5 Qd7+ 44.Rc6 e2 45.Bxe2 Qd5+ 46.Rc5 Qb3+ 
47.Ka6 Qa2+ 48.Kb7 Qxe2 49.Rc8+ Kd7 50.Rc7+ Kd6 51.Rxh7 Qxg2+ 52.Kb8 Qd5 
53.Rc7 Qb3 54.b7 Qxh3 55.Rc1 Qa3 56.Rg1 Qd3 57.Ka8 Qa6+ 58.Kb8 Qd3 59.Ka8 
Qe4 60.Rxg6+ Qxg6 1/2-1/2

[Event "11th EUR-ch"]
[Site "Rijeka CRO"]
[Date "2010.03.06"]
[Round "1"]
[White "Gyimesi, Zoltan"]
[Black "Cucancic, Sinisa"]
[Result "1-0"]
[WhiteElo "2586"]
[BlackElo "2271"]
[EventDate "2010.03.06"]
[PlyCount "51"]

1.d4 Nf6 2.c4 c5 3.d5 b5 4.cxb5 a6 5.e3 axb5 6.Bxb5 Qa5+ 7.Nc3 Bb7 8.Ne2 
Bxd5 9.O-O Bc6 10.Qd3 Bxb5 11.Nxb5 d5 12.b4 cxb4 13.Bb2 e6 14.Bxf6 gxf6 
15.e4 Nc6 16.a4 bxa3 17.exd5 Nb4 18.Qc4 Nxd5 19.Qc6+ Kd8 20.Rfd1 Ra6 21.
Rxd5+ exd5 22.Qxd5+ Rd6 23.Qb7 a2 24.Ned4 Qb4 25.Qc7+ Ke8 26.Qc8+ 1-0

[Event "11th EUR-ch"]
[Site "Rijeka CRO"]
[Date "2010.03.06"]
[Round "1"]
[White "Nakar, Eylon"]
[Black "Popov, Valery"]
[Result "1/2-1/2"]
[WhiteElo "2264"]
[BlackElo "2585"]
[EventDate "2010.03.06"]
[PlyCount "44"]

1.e4 c5 2.Nf3 e6 3.Qe2 Nc6 4.g3 g6 5.Bg2 Bg7 6.d3 Nge7 7.h4 h6 8.O-O d6 9.
c3 e5 10.Na3 O-O 11.Nc4 f5 12.exf5 gxf5 13.h5 f4 14.Nh4 d5 15.Nd2 Qd6 16.
Re1 Bd7 17.Nf1 Rae8 18.Bd2 Qf6 19.Nh2 Kh8 20.a3 a5 21.Kh1 a4 22.Rad1 b5 
1/2-1/2

[Event "11th EUR-ch"]
[Site "Rijeka CRO"]
[Date "2010.03.06"]
[Round "1"]
[White "Rakhmanov, Alexander"]
[Black "Feher, Adam"]
[Result "1/2-1/2"]
[WhiteElo "2584"]
[BlackElo "2260"]
[EventDate "2010.03.06"]
[PlyCount "143"]

1.d4 d5 2.c4 c6 3.cxd5 cxd5 4.Nf3 Nf6 5.Nc3 Nc6 6.Bf4 Bf5 7.e3 e6 8.Bb5 
Nd7 9.O-O Be7 10.Qb3 O-O 11.Rfc1 Na5 12.Qa4 Nc4 13.Bxd7 Nb6 14.Qb3 Qxd7 
15.Nb5 Nc4 16.Ne5 Nxe5 17.Bxe5 Rfc8 18.Nc7 Rab8 19.Rc3 b5 20.Na6 Rxc3 21.
Qxc3 b4 22.Qc7 Qxc7 23.Bxc7 Rc8 24.Ba5 Rc2 25.b3 Rb2 26.Nxb4 Bxb4 27.Bxb4 
Rb1+ 28.Rxb1 Bxb1 29.a3 Ba2 30.Bc5 Bxb3 31.Bxa7 Kf8 32.Bc5+ Ke8 33.g4 f6 
34.Kg2 Ba4 35.Kg3 Bd1 36.h3 Bc2 37.f4 Ba4 38.Kf2 g6 39.Ke2 Kd7 40.Bf8 Bb5+
41.Kf2 f5 42.gxf5 exf5 43.Kg3 Ke8 44.Bb4 Kf7 45.Ba5 Ke6 46.Kh4 Bc4 47.Kg5 
Kf7 48.Kh6 Kg8 49.Bb4 Bb5 50.Bd2 Ba4 51.h4 Bd7 52.Be1 Be8 53.Ba5 Ba4 54.
Bd8 Bb5 55.Bc7 Bd7 56.Be5 Bc6 57.Kg5 Kf7 58.h5 Bd7 59.h6 Bb5 60.Kh4 Ke6 
61.Kg3 Kd7 62.Kf2 Kc6 63.Ke1 Ba4 64.Kd2 Bb5 65.Kc3 Bf1 66.a4 Ba6 67.a5 Bf1
68.Kd2 Ba6 69.Bf6 Bb5 70.e4 fxe4 71.Ke3 Kd7 72.Bg5 1/2-1/2

[Event "11th EUR-ch"]
[Site "Rijeka CRO"]
[Date "2010.03.06"]
[Round "1"]
[White "Voiteanu, Gabriel"]
[Black "Gagunashvili, Merab"]
[Result "1/2-1/2"]
[WhiteElo "2254"]
[BlackElo "2582"]
[EventDate "2010.03.06"]
[PlyCount "22"]

1.d4 d6 2.Nf3 g6 3.g3 Bg7 4.Bg2 Nd7 5.O-O e5 6.e4 Ne7 7.Re1 O-O 8.Nc3 exd4
9.Nxd4 Nc6 10.Nxc6 bxc6 11.Bf4 Rb8 1/2-1/2

[Event "11th EUR-ch"]
[Site "Rijeka CRO"]
[Date "2010.03.06"]
[Round "1"]
[White "Melkumian, Hrant"]
[Black "Bach, Adrian-Kalman"]
[Result "1-0"]
[WhiteElo "2582"]
[BlackElo "2251"]
[EventDate "2010.03.06"]
[PlyCount "103"]

1.d4 Nf6 2.c4 c6 3.Nf3 d5 4.Nc3 a6 5.a4 e6 6.Bg5 Be7 7.e3 a5 8.Bd3 Na6 9.
O-O Nb4 10.Bb1 b6 11.Ne5 Nd7 12.Bxe7 Qxe7 13.Qg4 g6 14.Rd1 Nxe5 15.dxe5 f6
16.Qh4 O-O 17.Ba2 Ra7 18.exf6 Qxf6 19.Qxf6 Rxf6 20.Bb3 Ba6 21.cxd5 exd5 
22.e4 Bc4 23.Bxc4 dxc4 24.Rd8+ Rf8 25.Rd6 Raf7 26.f3 Rf6 27.Rd2 Nd3 28.Nd1
Ne5 29.Kf2 g5 30.Ne3 g4 31.Nf5 gxf3 32.gxf3 Kh8 33.Ke2 Rg6 34.Rf1 Rg2+ 35.
Rf2 Rg1 36.Ke3 c3 37.bxc3 Nc4+ 38.Kf4 Nxd2 39.Rxd2 b5 40.e5 b4 41.Re2 b3 
42.Rb2 Re1 43.Rxb3 Re8 44.Ne3 Ra1 45.Kf5 Rf8+ 46.Ke6 Re8+ 47.Kf7 Ra8 48.e6
Rxa4 49.c4 Ra1 50.e7 Rg1 51.e8=Q+ Rxe8 52.Kxe8 1-0

[Event "11th EUR-ch"]
[Site "Rijeka CRO"]
[Date "2010.03.06"]
[Round "1"]
[White "Tassopoulos, Marios"]
[Black "Halkias, Stelios"]
[Result "1/2-1/2"]
[WhiteElo "2245"]
[BlackElo "2580"]
[EventDate "2010.03.06"]
[PlyCount "22"]

1.e4 e5 2.Nf3 Nc6 3.d4 exd4 4.Nxd4 Bc5 5.Nxc6 Qf6 6.Qf3 bxc6 7.Be2 Qxf3 8.
Bxf3 Ne7 9.O-O O-O 10.Nc3 d6 11.Bd2 Be6 1/2-1/2

[Event "11th EUR-ch"]
[Site "Rijeka CRO"]
[Date "2010.03.06"]
[Round "1"]
[White "Pavasovic, Dusko"]
[Black "Bente, Bjorn"]
[Result "1-0"]
[WhiteElo "2579"]
[BlackElo "2245"]
[EventDate "2010.03.06"]
[PlyCount "47"]

1.d4 e6 2.e4 d5 3.Nd2 Nf6 4.e5 Nfd7 5.Ngf3 c5 6.c3 Nc6 7.Bd3 Be7 8.O-O g5 
9.dxc5 Nxc5 10.Bb5 Bd7 11.Qe2 a6 12.Bxc6 Bxc6 13.Nd4 Qc7 14.N2b3 Rg8 15.
Re1 g4 16.Bf4 Qb6 17.Be3 Ba4 18.c4 Bxb3 19.Nxb3 Rd8 20.cxd5 Rxd5 21.Rac1 
Qb4 22.Nxc5 Bxc5 23.a3 Qb6 24.Rxc5 1-0

[Event "11th EUR-ch"]
[Site "Rijeka CRO"]
[Date "2010.03.06"]
[Round "1"]
[White "Jadrijevic, Ante"]
[Black "Bosiocic, Marin"]
[Result "0-1"]
[WhiteElo "2244"]
[BlackElo "2577"]
[EventDate "2010.03.06"]
[PlyCount "84"]

1.d4 f5 2.Nf3 Nf6 3.g3 g6 4.Bg2 Bg7 5.O-O O-O 6.b3 d6 7.Bb2 Qe8 8.Nbd2 Nc6
9.Nc4 e6 10.a4 Bd7 11.Re1 h6 12.e3 a6 13.a5 g5 14.Nfd2 Qf7 15.f4 Rae8 16.
Nf3 Qg6 17.Qe2 Ne4 18.Nfd2 Nf6 19.Nf3 Nb4 20.c3 Nbd5 21.Nce5 dxe5 22.Nxe5 
Qh7 23.c4 Ne7 24.Ba3 Bc8 25.b4 Ne4 26.b5 Bxe5 27.fxe5 Rf7 28.Rf1 axb5 29.
cxb5 Nd5 30.Bf3 Nec3 31.Qb2 g4 32.Be2 Nxe2+ 33.Qxe2 h5 34.a6 b6 35.Bc1 h4 
36.gxh4 Qxh4 37.Bd2 g3 38.hxg3 Qxg3+ 39.Qg2 Qxg2+ 40.Kxg2 Bd7 41.Rfb1 Rh7 
42.Kf3 Rh2 0-1

[Event "11th EUR-ch"]
[Site "Rijeka CRO"]
[Date "2010.03.06"]
[Round "1"]
[White "Arutinian, David"]
[Black "Papadakis, Michalis"]
[Result "1-0"]
[WhiteElo "2576"]
[BlackElo "2244"]
[EventDate "2010.03.06"]
[PlyCount "69"]

1.c4 Nf6 2.Nc3 c6 3.e4 d6 4.d4 Nbd7 5.Nf3 e5 6.Be2 Be7 7.O-O O-O 8.Be3 Ng4
9.Bc1 Ngf6 10.Qc2 Qc7 11.Rd1 Re8 12.Rb1 exd4 13.Nxd4 a5 14.Nf5 Bf8 15.Bg5 
h6 16.Bh4 g6 17.Ne3 Bg7 18.Bg3 Ne5 19.Rd2 b6 20.Rbd1 Bf8 21.Bh4 Nfg4 22.
Nf1 g5 23.Bg3 Be6 24.Bxg4 Bxg4 25.f3 Be6 26.b3 Rad8 27.Ne3 Ng6 28.Ne2 Rd7 
29.Nd4 Red8 30.Ndf5 Nf4 31.Qb2 a4 32.Bxf4 gxf4 33.Ng4 Bxf5 34.Nf6+ Kh8 35.
Ne8+ 1-0

[Event "11th EUR-ch"]
[Site "Rijeka CRO"]
[Date "2010.03.06"]
[Round "1"]
[White "Spichkin, Alexander"]
[Black "Reinderman, Dimitri"]
[Result "0-1"]
[WhiteElo "2241"]
[BlackElo "2576"]
[EventDate "2010.03.06"]
[PlyCount "74"]

1.f4 g6 2.Nf3 Bg7 3.e3 d6 4.d4 Nd7 5.Bc4 e6 6.O-O Ne7 7.Nc3 O-O 8.Bb3 c5 
9.Qe2 d5 10.a4 b6 11.Rd1 Bb7 12.Bd2 a6 13.Be1 Nf5 14.Bf2 Qc7 15.g3 Nd6 16.
h4 c4 17.Ba2 b5 18.h5 b4 19.Nb1 Nb6 20.hxg6 fxg6 21.a5 Na4 22.c3 bxc3 23.
Nxc3 Nxc3 24.bxc3 Rab8 25.Bb1 Bc8 26.Ng5 Bf6 27.Nf3 Rb5 28.Qa2 Bd8 29.Bc2 
Rxa5 30.Qb1 Rxa1 31.Qxa1 Nb5 32.Ba4 Be7 33.Be1 Bd7 34.Ne5 Be8 35.Rc1 Bd6 
36.Nf3 h6 37.Bc2 Na3 0-1

[Event "11th EUR-ch"]
[Site "Rijeka CRO"]
[Date "2010.03.06"]
[Round "1"]
[White "Yemelin, Vasily"]
[Black "Sgnaolin, Davide"]
[Result "1-0"]
[WhiteElo "2576"]
[BlackElo "2234"]
[EventDate "2010.03.06"]
[PlyCount "88"]

1.d4 Nf6 2.Bg5 Ne4 3.Bf4 e6 4.e3 d5 5.Bd3 Bd6 6.Ne2 f5 7.f3 Nf6 8.c4 O-O 
9.Nbc3 Nc6 10.O-O Nb4 11.c5 Bxf4 12.exf4 b6 13.a3 Nxd3 14.Qxd3 c6 15.Rfe1 
a5 16.Na4 b5 17.Nb6 Ra7 18.Qd2 Nd7 19.Nxd7 Bxd7 20.Nc1 Qc7 21.Nd3 Rf6 22.
Re2 Be8 23.Rae1 Bf7 24.Ne5 Kh8 25.g3 Bg8 26.Nd3 Ra8 27.Qe3 Rc8 28.Qe5 Qxe5
29.dxe5 Rff8 30.Nc1 Rc7 31.Nb3 Ra8 32.Nd4 Bf7 33.g4 g6 34.Rg2 Rg8 35.Kf2 
Rg7 36.Ke3 Kg8 37.Rc1 fxg4 38.fxg4 Kf8 39.h4 Be8 40.Rh2 Rge7 41.h5 Kg7 42.
Rc3 Bf7 43.hxg6 hxg6 44.f5 exf5 1-0

[Event "11th EUR-ch"]
[Site "Rijeka CRO"]
[Date "2010.03.06"]
[Round "1"]
[White "Bakin, Alexander"]
[Black "Hera, Imre jr"]
[Result "0-1"]
[WhiteElo "2232"]
[BlackElo "2574"]
[EventDate "2010.03.06"]
[PlyCount "54"]

1.d4 Nf6 2.Nf3 b6 3.g3 Bb7 4.Bg2 c5 5.c4 cxd4 6.Qxd4 Nc6 7.Qf4 g6 8.O-O 
Bg7 9.Nc3 Rc8 10.Bd2 Na5 11.b3 d5 12.Rad1 dxc4 13.b4 Nc6 14.Qxc4 O-O 15.
Qb3 Qd6 16.a3 Qb8 17.e4 Ne5 18.Nd5 Nxd5 19.exd5 Qa8 20.Nxe5 Bxe5 21.Rfe1 
Bf6 22.Bf4 Rfd8 23.Be5 Bxe5 24.Rxe5 e6 25.Bh3 Bxd5 26.Rexd5 Rxd5 27.Rxd5 
Qxd5 0-1

[Event "11th EUR-ch"]
[Site "Rijeka CRO"]
[Date "2010.03.06"]
[Round "1"]
[White "Kovacevic, Aleksandar"]
[Black "Beletic, Daniel"]
[Result "1-0"]
[WhiteElo "2574"]
[BlackElo "2232"]
[EventDate "2010.03.06"]
[PlyCount "39"]

1.e4 c5 2.Nf3 d6 3.d4 cxd4 4.Nxd4 Nf6 5.Nc3 g6 6.Be3 Bg7 7.f3 O-O 8.Qd2 
Nc6 9.g4 Bxg4 10.fxg4 Nxg4 11.Bg1 Nxd4 12.Bxd4 e5 13.Be3 Qh4+ 14.Bf2 Qd8 
15.Bc4 Bh6 16.Qe2 Nxf2 17.Qxf2 Kh8 18.O-O f5 19.Kh1 fxe4 20.Qg2 1-0

[Event "11th EUR-ch"]
[Site "Rijeka CRO"]
[Date "2010.03.06"]
[Round "1"]
[White "Gebigke, Martin"]
[Black "Mastrovasilis, Dimitrios"]
[Result "0-1"]
[WhiteElo "2232"]
[BlackElo "2574"]
[EventDate "2010.03.06"]
[PlyCount "200"]

1.d4 d5 2.c4 e6 3.Nf3 c6 4.g3 dxc4 5.Bg2 b5 6.a4 Bb7 7.O-O Nd7 8.b3 cxb3 
9.Qxb3 b4 10.Rd1 Ngf6 11.a5 Rc8 12.Ne5 Be7 13.Nd2 O-O 14.Ndc4 Nd5 15.Nxd7 
Qxd7 16.Ne5 Qe8 17.Bd2 c5 18.e4 Nf6 19.d5 exd5 20.exd5 c4 21.Nxc4 Bxd5 22.
Bxd5 Nxd5 23.Nd6 Bxd6 24.Qxd5 Bc5 25.Rac1 Qa4 26.Re1 Qxa5 27.Re5 Rcd8 28.
Qxc5 Qxc5 29.Rexc5 Rxd2 30.Rb5 Rd4 31.Ra1 Rd7 32.Rxb4 Re8 33.Kg2 f6 34.Ra3
Kf7 35.h4 Re5 36.Rba4 Ree7 37.Kf3 Ke8 38.Ra6 Kd8 39.Rc6 Rc7 40.Rca6 Kc8 
41.R6a4 Kb8 42.Rb4+ Rb7 43.Rba4 Rb5 44.Ra2 Reb7 45.Kg2 Rb2 46.Rxa7 Rxf2+ 
47.Rxf2 Rxa7 48.Re2 Kc8 49.Re3 Kd7 50.Rb3 Ke6 51.Rc3 Re7 52.Kf3 Kf7 53.Rb3
Kg6 54.Ra3 Rf7 55.Rb3 Kh5 56.Kg2 Kh6 57.Rb6 Re7 58.Rb3 g6 59.Kf3 Kh5 60.
Ra3 f5 61.Rb3 Rc7 62.Ra3 Rc1 63.Rb3 Rc5 64.Ra3 Rc4 65.Rb3 Rd4 66.Ra3 h6 
67.Rb3 g5 68.hxg5 hxg5 69.Ra3 Kg6 70.Ra6+ Kf7 71.Rb6 Re4 72.Ra6 Re6 73.Ra3
Kf6 74.Rb3 Rd6 75.Ra3 Rd5 76.Rb3 Ke6 77.Ra3 Rc5 78.Rb3 Ke5 79.Ra3 Kd4 80.
Ra4+ Rc4 81.Ra8 Rc3+ 82.Kf2 Rc2+ 83.Kf3 g4+ 84.Kf4 Rf2+ 85.Kg5 Ke4 86.Ra3 
Rf3 87.Ra4+ Ke3 88.Kh4 Kf2 89.Ra2+ Kg1 90.Ra1+ Kg2 91.Ra2+ Rf2 92.Ra4 Re2 
93.Ra3 Kg1 94.Kg5 Rf2 95.Rb3 Rf3 96.Rb1+ Kh2 97.Kh4 Rxg3 98.Rb5 Rh3+ 99.
Kg5 Rf3 100.Rb2+ Kh3 0-1

[Event "11th EUR-ch"]
[Site "Rijeka CRO"]
[Date "2010.03.06"]
[Round "1"]
[White "Juranic, Bruno"]
[Black "Nevednichy, Vladislav"]
[Result "0-1"]
[WhiteElo "2220"]
[BlackElo "2572"]
[EventDate "2010.03.06"]
[PlyCount "53"]

1.e4 c5 2.c3 d6 3.d4 Nf6 4.dxc5 Nc6 5.Bc4 e6 6.Bg5 Qc7 7.Bxf6 gxf6 8.cxd6 
Bxd6 9.Nf3 a6 10.Nbd2 b6 11.Qc2 Bb7 12.O-O-O b5 13.Bb3 Qb6 14.Nf1 Bc5 15.
Ng3 h5 16.e5 Nxe5 17.Nxe5 fxe5 18.Ne4 Be7 19.h4 Rg8 20.Ng5 Bxg5+ 21.hxg5 
Rxg5 22.Qd2 Qd8 23.Qe2 Qf6 24.Rxh5 Bxg2 25.Rxg5 Qxg5+ 26.Kb1 Qf4 27.Qd3 
0-1

[Event "11th EUR-ch"]
[Site "Rijeka CRO"]
[Date "2010.03.06"]
[Round "1"]
[White "Ragger, Markus"]
[Black "Tate, Alan"]
[Result "1-0"]
[WhiteElo "2572"]
[BlackElo "2215"]
[EventDate "2010.03.06"]
[PlyCount "95"]

1.e4 c5 2.Nf3 d6 3.d4 Nf6 4.Nc3 cxd4 5.Nxd4 a6 6.Be2 e5 7.Nb3 Be7 8.O-O 
O-O 9.a4 Nc6 10.Bg5 Be6 11.Bxf6 Bxf6 12.Nd5 Bg5 13.a5 Rc8 14.c3 Ne7 15.Nb6
Rc6 16.c4 Nc8 17.Nd5 Ne7 18.Nd2 Bxd2 19.Qxd2 Bxd5 20.exd5 Rc7 21.Bd3 Qd7 
22.Rae1 f5 23.f4 Ng6 24.g3 Rcc8 25.b3 Rce8 26.Qc2 e4 27.Be2 Ne7 28.Qd2 Kh8
29.Bh5 Rd8 30.Bd1 Ng8 31.g4 fxg4 32.Rxe4 Rde8 33.Rfe1 Rxe4 34.Rxe4 Qf5 35.
Bc2 Qh5 36.Re6 Rf6 37.f5 Rh6 38.Qf4 Qh4 39.Re8 Qh3 40.Qg3 Qh5 41.Rb8 Qf7 
42.Qe3 Qf6 43.Kg2 Rh3 44.Qe6 Rxh2+ 45.Kxh2 Qh4+ 46.Kg1 Qg3+ 47.Kf1 Qf3+ 
48.Ke1 1-0